Japan

Salvato in:
Dettagli Bibliografici
Autore principale: Seidensticker, Edward
Natura: Libro
Lingua:Undetermined
Pubblicazione: Time-Life International 1966
Soggetti:
Tags: Aggiungi Tag
Nessun Tag, puoi essere il primo ad aggiungerne! !
Thư viện lưu trữ: Trung tâm Học liệu Trường Đại học Cần Thơ
LEADER 00475nam a2200181Ia 4500
001 CTU_111471
008 210402s9999 xx 000 0 und d
082 |a 952 
082 |b S458 
100 |a Seidensticker, Edward 
245 0 |a Japan 
245 0 |c Edward Seidensticker ; The editors of Life 
260 |b Time-Life International 
260 |c 1966 
650 |a Japan 
650 |x History 
904 |i M.Loan 
980 |a Trung tâm Học liệu Trường Đại học Cần Thơ